Non-conventional energy resources / (Record no. 103476)

MARC details
000 -LEADER
fixed length control field 00678nam a22002177a 4500
005 - DATE AND TIME OF LATEST TRANSACTION
control field 20160920164305.0
010 ## - LCCN (DPL NO)
LC control number ENG-116056
020 ## - INTERNATIONAL STANDARD BOOK NUMBER
Terms of availability 450.00
International Standard Book Number 9789352601882
020 ## - INTERNATIONAL STANDARD BOOK NUMBER
International Standard Book Number 9352601882
Terms of availability 450.00
035 ## - SYSTEM CONTROL NUMBER
System control number EN-99588
037 ## - SOURCE OF ACQUISITION
Source of stock number/acquisition DBAD/PUB
082 ## - DEWEY DECIMAL CLASSIFICATION NUMBER
Classification number 333.794
100 ## - MAIN ENTRY--PERSONAL NAME
Personal name Khan, B.H.
245 ## - TITLE STATEMENT
Title Non-conventional energy resources /
Statement of responsibility, etc by B.H Khan
250 ## - EDITION STATEMENT
Edition statement 3rd edition
260 ## - PUBLICATION, DISTRIBUTION, ETC. (IMPRINT)
Place of publication, distribution, etc Noida
Name of publisher, distributor, etc McGraw Hill Education
Date of publication, distribution, etc 2017
270 ## - ADDRESS
Address B-4, Sector - 63, Gautam Budh Nagar,
City Noida (UP)
Postal code 201301
300 ## - PHYSICAL DESCRIPTION
Extent xviii, 600p
Dimensions 22cm(pbk)
Other physical details ill.(maps)
500 ## - GENERAL NOTE
General note Includes Index and bibliographical references
942 ## - ADDED ENTRY ELEMENTS (KOHA)
Source of classification or shelving scheme Dewey Decimal Classification
Item type English Books
Call number suffix KHA
Classification part 333.794
Holdings
Withdrawn status Lost status Not for loan Collection code Home library Current library Date acquired Source of acquisition Cost, normal purchase price Full call number Barcode Copy number Cost, replacement price Koha item type
    Not For Loan Non-fiction D.B.Act.Division D.B.Act.Division 20/09/2016 DBAD/PUB 450.00 333.794 KHA EN-99588 1 450.00 English Books

© Delhi Public Library
Hit Counter
free hit counter